| 000 | 01009nas a2200361 4500 | ||
|---|---|---|---|
| 001 | BR9900508 | ||
| 003 | BR-BrBNA | ||
| 005 | 20231205101219.0 | ||
| 007 | ta | ||
| 008 | 230509b bl.|||p| |||| 00| 00por d | ||
| 040 |
_aBR-BrBNA _bpor _cBiblioteca Nacional de Agricultura |
||
| 041 | _a(Pt) | ||
| 072 | _aF08 | ||
| 100 | 1 | _aFontaneli, R.S. | |
| 100 | 1 | _aSantos, H.P. dos | |
| 100 | 1 | _aReis, E.M. | |
| 100 | 1 | _aAmbrosi, I. | |
| 245 | 1 | _aEfeito da rotacao de culturas com pastagens anuais de inverno no rendimento de trigo | |
| 650 | _aTrigo | ||
| 650 | _aSoja | ||
| 650 | _aMilho | ||
| 650 | _aErvilhaca | ||
| 650 | _aRotacao de Cultura | ||
| 650 | _aGrao | ||
| 650 | _aPastagem | ||
| 650 | _aFungo | ||
| 650 | _aControle Biologico | ||
| 650 | _aRendimento | ||
| 650 | _aRio Grande do Sul | ||
| 773 | 0 |
_tPesquisa Agropecuaria Brasileira (Brazil) _xISSN 0100-204X _g(Oct 1998), v. 33(10) p. 1581-1586 _wBR9900508 |
|
| 909 |
_a202311 _bLúcia _c55 _dLúcia Elande |
||
| 942 |
_2AGRIS _n0 _cANA |
||
| 999 |
_c160459 _d160459 |
||